01118nam a2200241Ia 450000100060000000300090000600800410001504000130005604000130006904100130008210000250009510000290012024500300014924500300017925000110020926000100022026000090023026000490023930000430028850004720033165000420080365000310084537948IT-RoPAU130308s9999 xx 000 0 und d aIT-RoPAU cIT-RoPAU aFRANCESE aTimbal-Duclaux Louis gCodice Aut. SPICS: 15246 aMethode e.S.P.R.I.T. (La) bMethode E.S.P.R.I.T. (La) a1a ed. aPARIS bRetz c1983 [1° Ed.:1983 - Ed.Ling.Originale:1983] a"192 p. (prefazione: no ; testo: 192)" aMetodo Esprit piano per comunicare Difficoltà della Comunicazione Scrittapiano per comunicare Semplicemente delle Idee complesse Spri Situazione Problema Risoluzione Informazione Applicazioni al piano commerciale e Giuridico redazione dei Rapporti Ordine Giornalistico Esprit Retorico e Universitario del Racconto e del Romanzo Corrispondenza commerciale Schede di documentazione e Organizzazione del testo Metodo per Organizzare le Proprie Idee ed Esprimerle Bene aPEDAGOGIA DELLA COMUNICAZIONE SOCIALE eCodice materia Spics: 3804